000 00330nam a22001577a 4500
003 SGT
020 _a9788196396152
082 _a615.34
_bP21K
100 _aKOKATE,C.K.
245 _aPHARMACOGONOSY
250 _a57TH
260 _aPUNE
_bNIRALI
_c2021
300 _aI-41,G16
650 _aPHARMACOGONOSY
942 _2ddc
_cBK
_058
999 _c22960
_d22960